| 000 | 01236cam a22003497a 4500 | ||
|---|---|---|---|
| 003 | CHAP | ||
| 005 | 20220329142835.0 | ||
| 008 | 040622d2003 mx b r 00110 spa d | ||
| 010 | _a88556 | ||
| 011 | _a89528 | ||
| 035 | _a100079 | ||
| 040 | _cCHAP | ||
| 090 | _aTesis | ||
| 100 | 0 | 0 |
_aTenorio Galindo, Gabriela. _9112275 |
| 245 | 1 | 0 |
_aTabla de volumen para Pinus patula Schl. et Cham en el estado de Hidalgo _c/por Gabriela Tenorio Galindo |
| 260 |
_aChapingo, Méx. : _bEl autor, _c2003. |
||
| 300 |
_a62 h. : _bmapas |
||
| 502 | _aTesis (Ing. en Restauración Forestal) -- UACH. División de Ciencias Forestales | ||
| 590 |
_aALEPH _b10 _c20130110 _lUCH01 _h1459 |
||
| 590 |
_aBATCH-UPD _b10 _c20130110 _lUCH01 _h1744 |
||
| 590 |
_aBATCH-UPD _b10 _c20130410 _lUCH01 _h1123 |
||
| 590 |
_aBATCH-UPD _b10 _c20130914 _lUCH01 _h0722 |
||
| 590 |
_aCONVERSION _b10 _c20130109 _lUCH01 _h1349 |
||
| 650 | 1 | 4 |
_aBosques _xExtracción. _914174 |
| 650 | 1 | 4 |
_aPinus patula. _988356 |
| 650 | 1 | 4 |
_aTablas de volúmenes y rendimientos. _9111296 |
| 901 | _aBK | ||
| 905 | _aMayto Villalobos S. | ||
| 942 | _cFOLL | ||
| 949 |
_aTesis _bBC _cTES _d100079123 _eTS1 _h42295 _i100079 _sb |
||
| 949 |
_aTesis _bBC _cTES _d33724000927703 _eTS2 _fc.2 _h42296 _i100079 _si |
||
| 999 |
_c88556 _d88556 |
||